[Event "Fast Game"]
[Site "www.echecsemail.com"]
[Date "2014.12.27"]
[Round "1"]
[White "Tonino1"]
[Black "Chtoubidou"]
[WhiteElo "1850"]
[BlackElo "1750"]
[Result "1-0"]
[Round "1"]
1.c4 g6
2.Nb1c3 Bf8g7
3.d3 e6
4.g3 Ng8e7
5.Bf1g2 O-O
6.Ng1f3 d5
7.cxd5 Ne7xd5
8.Nc3xd5 exd5
9.O-O c6
10.Qd1b3 Qd8b6
11.Qb3xb6 axb6
12.a3 Nb8d7
13.Bc1e3 b5
14.Ra1b1 Nd7e5
15.Nf3xe5 Bg7xe5
16.Be3c5 Rf8e8
17.e4 dxe4
18.dxe4 Bc8e6
19.f4 Be5c7
20.e5 Re8d8
21.Rb1d1 Be6c4
22.Rf1e1 Rd8xd1
23.Re1xd1 Ra8d8
24.Rd1xd8 Bc7xd8
25.Bg2h3 b6
26.Bc5d6 c5
27.Kf2 Kg7
28.Ke3 h6
29.b4 cxb4
30.axb4 { resign }
1-0

[Event "Fast Game"]
[Site "www.echecsemail.com"]
[Date "2014.12.27"]
[Round "1"]
[White "Pgcbies"]
[Black "Tonino1"]
[WhiteElo "2180"]
[BlackElo "1920"]
[Result "1-0"]
[Round "1"]
1.e4 c6
2.d4 d5
3.e5 Bc8f5
4.Nb1c3 e6
5.g4 Bf5g6
6.Ng1e2 Nb8d7
7.h4 h6
8.Bc1e3 Qd8a5
9.Ne2f4 Bg6h7
10.a3 c5
11.dxc5 Nd7xe5
12.Nf4xd5 exd5
13.Be3f4 O-O-O
14.Bf4xe5 Rd8e8
15.f4 Qa5xc5
16.Rh1h3 f6
17.b4 Qc5c7
18.Nc3xd5 Qc7d7
19.Rh3c3 Kd8
20.Bf1b5 Re8xe5
21.fxe5 Qd7xb5
22.Nd5f4 Qb5d7
23.Qd1xd7 Kxd7
24.O-O-O Ke7
25.Rc3c7 Ke8
26.Rc7c8 Ke7
27.Rc8d8 fxe5
28.Rd1d7 Kf6
29.Rd8xf8  { time }
1-0

[Event "Fast Game"]
[Site "www.echecsemail.com"]
[Date "2014.12.27"]
[Round "1"]
[White "Tonino1"]
[Black "Faerieking"]
[WhiteElo "1900"]
[BlackElo "1919"]
[Result "1-0"]
[Round "1"]
1.c4 Ng8f6
2.Nb1c3 g6
3.d3 d6
4.g3 c5
5.Bf1g2 Nb8c6
6.Ng1f3 Bf8g7
7.O-O O-O
8.h3 Bc8d7
9.Bc1e3 Qd8c7
10.Qd1d2 Ra8d8
11.Be3h6 a6
12.Bh6xg7 Kxg7
13.Nc3d5 Nf6xd5
14.cxd5 Nc6a7
15.Ra1c1 e5
16.d4 exd4
17.Qd2xd4 Kg8
18.b4 cxd4
19.Rc1xc7 Na7b5
20.Rc7xb7 Rf8e8
21.a4 Nb5c3
22.Nf3xd4 Nc3xe2
23.Nd4xe2 Bd7xa4
24.Ne2d4 { resign }
1-0

[Event "Fast Game"]
[Site "www.echecsemail.com"]
[Date "2014.12.27"]
[Round "1"]
[White "Generalfree"]
[Black "Echo314"]
[WhiteElo "1620"]
[BlackElo "1599"]
[Result "0-1"]
[Round "1"]
1.e4 c5
2.c4 Nb8c6
3.Ng1f3 e5
4.a4 d6
5.h3 f5
6.d3 Ng8f6
7.g3 fxe4
8.dxe4 Nf6xe4
9.Bf1d3 Ne4f6
10.Qd1e2 Bf8e7
11.Nb1c3 O-O
12.Bc1e3 Nc6d4
13.Be3xd4 cxd4
14.Nc3d5 Nf6xd5
15.cxd5 Qd8a5
16.Nf3d2 Be7g5
{ resign }
0-1

[Event "Tourn. n7911"]
[Site "www.chess-mail.com"]
[Date "2014.12.28"]
[Round "1"]
[White "Roqueur"]
[Black "Echo314"]
[WhiteElo "2560"]
[BlackElo "2650"]
[Result "1/2-1/2"]
[Round "1"]
1.e4 e5
2.Ng1f3 Ng8f6
3.Nf3xe5 d6
4.Ne5f3 Nf6xe4
5.d4 d5
6.Bf1d3 Bf8d6
7.O-O O-O
8.c4 c6
9.Qd1c2 Nb8a6
10.a3 Bc8g4
11.Nf3e5 Bd6xe5
12.dxe5 Na6c5
13.f3 Nc5xd3
14.Qc2xd3 Ne4c5
15.Qd3d4 Nc5b3
16.Qd4xg4 Nb3xa1
17.Bc1h6 g6
18.Bh6xf8 Qd8xf8
19.cxd5 Qf8c5
20.Kh1 Na1c2
21.Qg4d7 Nc2e3
22.Qd7xb7 Ra8f8
{ draw }
1/2-1/2

[Event "Tourn. n7926"]
[Site "www.chess-mail.com"]
[Date "2014.12.28"]
[Round "1"]
[White "Luban"]
[Black "Cardiff"]
[WhiteElo "2200"]
[BlackElo "2120"]
[Result "0-1"]
[Round "1"]
1.d4 g6
2.c4 c6
3.e3 Bf8g7
4.Ng1f3 d5
5.h3 Ng8f6
6.Nb1c3 O-O
7.Bf1d3 dxc4
8.Bd3xc4 b5
9.Bc4d3 a6
10.a3 Bc8b7
11.O-O Nb8d7
12.e4 c5
13.d5 c4
14.Bd3e2 Nd7c5
15.Nf3d2 e6
16.b4 cxb3
17.Nd2xb3 Nc5xb3
18.Qd1xb3 exd5
19.exd5 Bb7xd5
20.Nc3xd5 Qd8xd5
21.Qb3xd5 Nf6xd5
22.Ra1a2 Ra8c8
23.Bc1d2 Nd5c3
24.Bd2xc3 Rc8xc3
25.Rf1d1 Rf8c8
26.a4 Rc3c1
27.Rd1xc1 Rc8xc1
28.Kh2 Bg7e5
29.g3 b4
30.Be2d3 b3
31.Ra2a3 b2
32.Ra3b3 Rc1d1
33.Bd3e4 Rd1d4
{ resign }
0-1

[Event "Tourn. n7938"]
[Site "www.chess-mail.com"]
[Date "2014.12.28"]
[Round "1"]
[White "Tenzinnima"]
[Black "Luban"]
[WhiteElo "2050"]
[BlackElo "2200"]
[Result "1-0"]
[Round "1"]
1.d4 d5
2.c4 e6
3.Nb1c3 Ng8f6
4.cxd5 exd5
5.Bc1g5 Bf8e7
6.Ng1f3 c6
7.Qd1c2 O-O
8.e3 Bc8g4
9.Nf3e5 Bg4e6
10.Bf1d3 h6
11.Bg5xf6 Be7xf6
12.f4 Nb8d7
13.O-O Bf6xe5
14.Bd3h7 Kh8
15.fxe5 b6
16.Rf1f3 Qd8e7
17.Ra1f1 a6
18.Rf3g3 Rf8c8
19.Bh7f5 Nd7f8
20.e4 g6
21.Qc2d2 Kg7
22.exd5 cxd5
23.Bf5d3 b5
24.a4 b4
25.Nc3a2 a5
26.Na2c1 Be6d7
27.Bd3c2 Bd7e6
28.Bc2b3 Rc8c7
29.Nc1d3 Nf8d7
30.Nd3f4 Nd7b6
31.Bb3c2 Nb6c4
32.Qd2d3 Qe7e8
33.Nf4xg6 Nc4xb2
34.Ng6f4 Kf8
35.Rg3g8 { resign }
1-0

[Event "Tourn. n7876"]
[Site "www.chess-mail.com"]
[Date "2014.12.28"]
[Round "1"]
[White "Caspito"]
[Black "Anja"]
[WhiteElo "1900"]
[BlackElo "1870"]
[Result "0-1"]
[Round "1"]
1.e4 Ng8f6
2.e5 Nf6d5
3.Qd1f3 e6
4.d4 Nb8c6
5.Bc1e3 Bf8e7
6.Bf1c4 Nd5b6
7.Bc4b3 d6
8.d5 Nc6xe5
9.Qf3g3 O-O
10.Be3d4 exd5
11.Ng1f3 Be7f6
12.O-O c5
13.Bd4xe5 dxe5
14.Nf3xe5 Bf6xe5
15.Qg3xe5 Bc8e6
16.c3 Rf8e8
17.Bb3c2 Qd8d7
18.Nb1d2 Qd7b5
19.b3 Be6d7
20.Qe5h5 g6
21.Qh5g5 Re8e2
22.Ra1d1 Ra8e8
23.Nd2f3 Re2xc2
24.b4 cxb4
25.Nf3d4 Qb5a4
26.Nd4xc2 Qa4xc2
27.cxb4 Qc2xa2
28.Rd1a1 Qa2b2
29.Ra1xa7 Qb2xb4
30.Ra7xb7 Qb4d6
31.h4 d4
32.h5 f6
33.Qg5a5 Nb6c4
34.Qa5b4 Qd6xb4
35.Rb7xb4 Bd7e6
36.hxg6 hxg6
37.Rf1d1 Re8d8
38.Kh2 d3
39.f3 Nc4e3
{ resign }
0-1

[Event "Tourn. n7859"]
[Site "www.chess-mail.com"]
[Date "2014.12.28"]
[Round "1"]
[White "Falcoale"]
[Black "Morse"]
[WhiteElo "2070"]
[BlackElo "2200"]
[Result "0-1"]
[Round "1"]
1.e4 d6
2.d4 Ng8f6
3.Nb1c3 g6
4.Ng1f3 c6
5.Bc1e3 b5
6.Bf1d3 Bf8g7
7.Qd1d2 Bc8g4
8.h3 Bg4xf3
9.gxf3 Nb8d7
10.O-O-O a5
11.Be3g5 a4
12.a3 Qd8b6
13.Nc3e2 c5
14.dxc5 dxc5
15.f4 b4
16.axb4 cxb4
17.e5 a3
18.Kb1 Qb6a5
19.Qd2c1 Nf6d5
20.Ne2d4 axb2
21.Qc1xb2 Nd7c5
22.Bd3b5 Kf8
23.Bb5c6 Nd5c3
24.Kc1 Qa5a1
25.Qb2xa1 Ra8xa1
26.Kd2 Ra1xd1
27.Rh1xd1 Nc3xd1
28.Kxd1 f6
29.exf6 Bg7xf6
30.Bg5h6 Bf6g7
31.Bh6xg7 Kxg7
32.Ke2 Kf6
33.Bc6f3 e5
34.fxe5 Kxe5
35.Nd4c6 Kf4
36.Nc6xb4 Rh8e8
37.Kf1 Kxf3
38.Nb4d5 Re8e2
{ resign }
0-1

[Event "Tourn. n7882"]
[Site "www.chess-mail.com"]
[Date "2014.12.28"]
[Round "1"]
[White "Anja"]
[Black "Xav77"]
[WhiteElo "1870"]
[BlackElo "1980"]
[Result "0-1"]
[Round "1"]
1.e4 e5
2.Ng1f3 Nb8c6
3.Bf1b5 Ng8e7
4.O-O d6
5.d4 Bc8d7
6.Nb1c3 exd4
7.Nf3xd4 Nc6xd4
8.Bb5xd7 Qd8xd7
9.Qd1xd4 Ne7c6
10.Qd4e3 Nc6b4
11.Qe3e2 O-O-O
12.Bc1e3 Kb8
13.Nc3b5 a6
14.Nb5d4 g6
15.Qe2c4 d5
16.exd5 Nb4xd5
17.Be3g5 Bf8e7
18.Bg5xe7 Qd7xe7
19.Qc4b3 Rd8d6
20.Rf1e1 Qe7f6
21.Nd4e2 h5
22.Ne2g3 Qf6d8
23.Ra1d1 f5
24.Rd1d2 Nd5f4
25.Rd2xd6 Qd8xd6
26.Qb3c4 h4
27.Ng3f1 g5
28.Nf1e3 Rh8e8
29.Qc4f7 Qd6c6
30.f3 Ka7
31.Qf7xf5 Qc6d6
32.Qf5xg5 Qd6d2
33.Qg5c5 Kb8
34.g3 Qd2xe1
{ resign }
0-1

[Event "Tourn. n7931"]
[Site "www.chess-mail.com"]
[Date "2014.12.28"]
[Round "1"]
[White "Manuel09"]
[Black "Louis"]
[WhiteElo "1950"]
[BlackElo "1860"]
[Result "0-1"]
[Round "1"]
1.e4 c6
2.d4 d5
3.Nb1c3 dxe4
4.Nc3xe4 Bc8f5
5.Ne4g3 Bf5g6
6.c4 e5
7.dxe5 Qd8xd1
8.Kxd1 Nb8d7
9.f4 Ng8h6
10.Ng1f3 O-O-O
11.Ke1 Bf8b4
12.Bc1d2 Bb4xd2
13.Nf3xd2 f6
14.exf6 Nd7xf6
15.Nd2f3 Rh8e8
16.Kf2 Nh6g4
17.Kg1 Ng4e3
18.Nf3e5 Rd8d2
19.Bf1e2 Rd2xb2
20.h3 Nf6h5
{ resign }
0-1

[Event "Tourn. n7823"]
[Site "www.chess-mail.com"]
[Date "2014.12.28"]
[Round "1"]
[White "Zazi"]
[Black "Georgepapi"]
[WhiteElo "1440"]
[BlackElo "1670"]
[Result "0-1"]
[Round "1"]
1.Ng1f3 d5
2.e3 Ng8f6
3.a4 Nb8c6
4.c4 dxc4
5.Bf1xc4 Bc8g4
6.Qd1b3 e6
7.Qb3xb7 Bg4xf3
8.gxf3 Nc6e5
9.Bc4b5 Nf6d7
10.f4 Ne5g6
11.b3 Bf8c5
12.Bb5c6 Ra8b8
13.Qb7a6 O-O
14.Qa6c4 Bc5b6
15.Qc4c3 Nd7c5
16.Bc1a3 Nc5d3
17.Ke2 Ng6xf4
18.exf4 Nd3xf2
19.Rh1g1 Nf2e4
20.Bc6xe4 Bb6xg1
21.Qc3c2 Rf8e8
22.Be4xh7 Kh8
23.Bh7d3 Qd8h4
24.Bd3b5 Qh4f2
25.Kd3 Re8d8
26.Ke4 Qf2d4
27.Kf3 Bg1xh2
28.Nb1c3 Qd4xf4
29.Ke2 a6
30.Bb5c6 Rb8xb3
31.Bc6e4 Qf4e5
32.Qc2xb3 f5
33.d3 fxe4
34.dxe4 Qe5h5
35.Ke3 Qh5g5
36.Ke2 Qg5g2
37.Ke3 Qg2d2
38.Kf3 Rd8d3
39.Kg4 Qd2f4
40.Kh5 Rd3h3
41.Kg6 Qf4f6

0-1

[Event "Tourn. n7844"]
[Site "www.chess-mail.com"]
[Date "2014.12.28"]
[Round "1"]
[White "Bojan"]
[Black "Anja"]
[WhiteElo "2000"]
[BlackElo "1810"]
[Result "0-1"]
[Round "1"]
1.c4 e5
2.a3 g6
3.b4 Bf8g7
4.Bc1b2 d6
5.e4 f5
6.d3 Ng8f6
7.f3 O-O
8.Ng1e2 Bc8e6
9.Nb1d2 Nb8d7
10.Qd1c2 c6
11.d4 exd4
12.Ne2xd4 Qd8e7
13.O-O-O Nd7b6
14.Nd4xe6 Qe7xe6
15.exf5 gxf5
16.Bf1d3 Nf6h5
17.Bb2xg7 Kxg7
18.Qc2c3 Qe6f6
19.Qc3xf6 Rf8xf6
20.g3 Ra8e8
21.Rh1e1 Kf7
22.Re1xe8 Kxe8
23.Nd2f1 Nh5g7
24.Kc2 Kd7
25.Nf1e3 Kc7
26.c5 dxc5
27.bxc5 Nb6d7
28.Ne3g2 Nd7xc5
29.Bd3c4 Rf6d6
30.Rd1e1 Ng7e6
31.Ng2e3 Ne6d4
32.Kc3 Nc5e6
33.Re1f1 b5
34.Bc4d3 f4
35.Ne3f5 Nd4xf5
36.Bd3xf5 fxg3
37.hxg3 Ne6f8
38.Rf1h1 Rd6f6
39.g4 c5
40.Bf5e4 h6
41.Rh1h5 Kb6
42.g5 hxg5
43.Rh5xg5 Nf8e6
44.Rg5d5 Ne6d4
45.Rd5xd4 cxd4
46.Kxd4 Ka5
47.Kc5 Ka4
48.Be4c6 Rf6f5
49.Kd4 Kxa3
50.Ke4 Rf5c5
51.Bc6b7 a5
52.Kd4 Rc5c7
53.Bb7e4 Kb4
54.f4 a4
55.f5 Kb3
56.f6 b4
57.Be4d5 Kb2
58.f7 Rc7c8
59.Bd5e6 Rc8b8
60.Be6d7 Rb8f8
61.Bd7e6 a3
62.Kd3 a2
{ resign }
0-1

[Event "Tourn. n7843"]
[Site "www.chess-mail.com"]
[Date "2014.12.28"]
[Round "1"]
[White "Pablincho"]
[Black "Anja"]
[WhiteElo "1880"]
[BlackElo "1810"]
[Result "0-1"]
[Round "1"]
1.e4 Ng8f6
2.Nb1c3 d5
3.e5 d4
4.exf6 dxc3
5.bxc3 exf6
6.d4 Bf8d6
7.Bf1c4 O-O
8.f4 Rf8e8
9.Ng1e2 Bc8g4
10.O-O Nb8d7
11.h3 Bg4e6
12.Bc4b3 c5
13.d5 Be6f5
14.Ne2g3 Bf5e4
15.Qd1h5 Be4g6
16.Qh5g4 h6
17.Ng3f5 Bg6xf5
18.Qg4xf5 Nd7f8
19.Bc1d2 Qd8b6
20.c4 Re8e2
21.Rf1f2 Ra8e8
 { time }
0-1

[Event "Tourn. n7860"]
[Site "www.chess-mail.com"]
[Date "2014.12.28"]
[Round "1"]
[White "Georgepapi"]
[Black "Hansen"]
[WhiteElo "1740"]
[BlackElo "1430"]
[Result "1-0"]
[Round "1"]
1.e4 d5
2.exd5 Qd8xd5
3.Nb1c3 Qd5e5
4.Bf1e2 e6
5.Ng1f3 Qe5f4
6.d4 Qf4f5
7.O-O h6
8.Rf1e1 Ng8f6
9.d5 exd5
10.Be2d3 Nf6e4
11.Nc3xe4 Kd8
12.Ne4d6 Qf5d7
13.Nd6xc8 Kxc8
14.Bc1f4 g5
15.Bf4e5 Rh8g8
16.Bd3h7 f6
17.Bh7xg8 fxe5
18.Nf3xe5 Qd7d6
19.Qd1g4 Nb8d7
20.Ne5xd7 Bf8g7
21.Re1e8 { resign }
1-0

[Event "Tourn. n7761"]
[Site "www.chess-mail.com"]
[Date "2014.12.28"]
[Round "1"]
[White "Samael"]
[Black "Syd"]
[WhiteElo "2090"]
[BlackElo "2170"]
[Result "0-1"]
[Round "1"]
1.e4 c5
2.Ng1f3 e6
3.d3 Nb8c6
4.Nb1c3 d6
5.a3 Ng8f6
6.Bf1e2 Bf8e7
7.O-O O-O
8.h3 Ra8b8
9.Bc1d2 b5
10.Nc3a2 a5
11.b4 axb4
12.axb4 h6
13.c3 Qd8c7
14.Bd2e3 d5
15.exd5 exd5
16.bxc5 b4
17.cxb4 Nc6xb4
18.Na2xb4 Rb8xb4
19.d4 Bc8f5
20.Qd1d2 Rf8b8
21.Be2d3 Nf6e4
22.Bd3xe4 Bf5xe4
23.Be3f4 Qc7c8
24.Bf4xb8 Rb4xb8
25.Nf3h2 Be7g5
26.f4 Bg5f6
27.Nh2g4 Bf6h4
28.Qd2e2 Rb8b4
29.Rf1d1 Qc8b8
30.Ng4xh6 gxh6
31.Qe2g4 Kh7
32.Qg4xh4 Rb4b2
33.g4 Qb8xf4
{ resign }
0-1

[Event "Tourn. n7919"]
[Site "www.chess-mail.com"]
[Date "2014.12.28"]
[Round "1"]
[White "Bojan"]
[Black "Fractal"]
[WhiteElo "1950"]
[BlackElo "1980"]
[Result "1-0"]
[Round "1"]
1.c4 Ng8f6
2.b3 g6
3.Bc1b2 Bf8g7
4.Nb1c3 O-O
5.Qd1c2 e6
6.f3 b6
7.e3 Bc8b7
8.Ng1e2 d5
9.Ne2g3 Nb8c6
10.d4 Nc6b4
11.Qc2d2 c6
12.a3 Nb4a6
13.b4 Na6c7
14.c5 b5
15.a4 a6
16.axb5 axb5
17.Bf1d3 Ra8xa1
18.Bb2xa1 Nc7a6
19.Nc3e2 Qd8c7
20.Ba1c3 Rf8a8
21.Kf2 Nf6d7
22.h4 e5
23.h5 Nd7f8
24.hxg6 fxg6
25.e4 dxe4
26.Bd3xe4 Ra8d8
27.Qd2b2 Bb7c8
28.Rh1d1 exd4
29.Bc3xd4 Bg7xd4
30.Rd1xd4 Rd8xd4
31.Ne2xd4 Na6b8
32.Be4c2 Qc7e5
33.Qb2a2 Kg7
34.Nd4e2 Bc8e6
35.Qa2a3 Nf8d7
36.Ng3e4 Nd7f6
37.Ne4d6 Be6c4
38.Nd6e4 Nf6xe4
39.Bc2xe4 Bc4xe2
40.Kxe2 Qe5c7
41.Ke3 Kf6
42.f4 h6
43.Qa3c3 Kf7
44.Qc3h8 Qc7d7
45.Qh8h7 Kf6
46.Qh7xh6 Qd7g7
47.Qh6g5 Kf7
48.Kd3 Qg7f6
49.Qg5g4 Qf6d8
50.Kc2 Qd8f6
51.g3 { resign }
1-0

[Event "Tourn. n7899"]
[Site "www.chess-mail.com"]
[Date "2014.12.28"]
[Round "1"]
[White "Libiesse"]
[Black "Falcoale"]
[WhiteElo "2040"]
[BlackElo "2060"]
[Result "1/2-1/2"]
[Round "1"]
1.d4 Ng8f6
2.c4 e6
3.Ng1f3 b6
4.Bc1g5 h6
5.Bg5h4 Bc8b7
6.e3 a5
7.Bf1e2 Bf8e7
8.Nb1c3 d5
9.cxd5 Nf6xd5
10.Bh4xe7 Nd5xe7
11.O-O O-O
12.Ra1c1 Nb8d7
13.Nc3b5 Ra8c8
14.Qd1d2 Nd7f6
15.Nf3e5 c5
16.Rf1d1 Nf6e4
17.Qd2d3 cxd4
18.Rc1xc8 Ne7xc8
19.Qd3xd4 Qd8xd4
20.Rd1xd4 Bb7d5
21.f3 Ne4f6
22.e4 Bd5b7
23.Nb5c3 Bb7a8
24.Kf2 Nc8e7
25.Rd4d6 Ne7c8
26.Rd6d4 Nc8e7
27.Nc3a4 Rf8b8
28.Ne5d7 { draw }
1/2-1/2

[Event "Tourn. n7894"]
[Site "www.chess-mail.com"]
[Date "2014.12.28"]
[Round "1"]
[White "Anja"]
[Black "Cardiff"]
[WhiteElo "1930"]
[BlackElo "2050"]
[Result "0-1"]
[Round "1"]
1.d4 Ng8f6
2.c4 e6
3.Nb1c3 Bf8b4
4.e3 c5
5.a3 Bb4xc3
6.bxc3 Nf6e4
7.Qd1c2 d5
8.Ng1f3 O-O
9.Bf1d3 cxd4
10.cxd4 Ne4f6
11.O-O Nb8c6
12.Ra1b1 b6
13.Rf1e1 Bc8b7
14.e4 dxe4
15.Bd3xe4 Nf6xe4
16.Qc2xe4 Nc6a5
17.Qe4g4 Na5xc4
18.Nf3g5 Bb7d5
19.Ng5xe6 Bd5xe6
20.Re1xe6 Qd8d5
21.Re6e4 f5
{ resign }
0-1

[Event "Tourn. n7834"]
[Site "www.chess-mail.com"]
[Date "2014.12.28"]
[Round "1"]
[White "Traub"]
[Black "Fabos12"]
[WhiteElo "1730"]
[BlackElo "1640"]
[Result "1-0"]
[Round "1"]
1.e4 Nb8c6
2.d4 e6
3.f4 Ng8f6
4.Nb1c3 Bf8b4
5.d5 exd5
6.exd5 Nc6e7
7.Qd1f3 Nf6xd5
8.Bc1d2 Bb4d6
9.Nc3xd5 Ne7xd5
10.Qf3xd5 Qd8f6
11.Ng1f3 Qf6xb2
12.Qd5e4 Kf8
13.Ra1c1 Qb2xa2
14.Bf1c4 Qa2a4
15.Qe4d5 Ke8
16.Qd5xf7 Kd8
17.O-O b6
18.Rf1e1 Bc8b7
19.Bc4b3 Bd6c5
20.Kh1 Qa4b5
21.Qf7xg7 Rh8f8
22.Qg7g5 Kc8
23.Nf3d4 Bc5xd4
24.Qg5xb5 { resign }
1-0

[Event "Tourn. n7846"]
[Site "www.chess-mail.com"]
[Date "2014.12.28"]
[Round "1"]
[White "Pipas"]
[Black "Passaroa25"]
[WhiteElo "1610"]
[BlackElo "1550"]
[Result "1-0"]
[Round "1"]
1.e4 e6
2.d4 Ng8e7
3.Ng1f3 f6
4.Nb1c3 c6
5.Bf1d3 Ne7g6
6.g3 d6
7.Bc1e3 Bc8d7
8.O-O Bf8e7
9.a4 a6
10.b4 O-O
11.a5 b5
12.axb6 Qd8xb6
13.Nc3a2 Qb6c7
14.c4 Rf8d8
15.Na2c3 e5
16.d5 Qc7b7
17.b5 Rd8f8
18.Rf1e1 Bd7g4
19.Ra1a4 Qb7d7
20.Bd3e2 Rf8c8
21.Be3b6 Be7d8
22.Bb6xd8 Rc8xd8
23.Nf3d2 h5
24.Nd2f1 Ng6e7
25.Nf1e3 Bg4xe2
26.Qd1xe2 g6
27.Ne3c2 a5
28.Nc2a1 Kg7
29.Na1b3 Rd8h8
30.f3 c5
31.Ra4xa5 Ra8xa5
32.Nb3xa5 Qd7c7
33.Re1a1 g5
34.Na5c6 Nb8xc6
35.bxc6 Kg6
36.Nc3b5 Qc7c8
37.Nb5xd6 Qc8h3
38.Qe2g2 Qh3xg2
39.Kxg2 h4
40.g4 h3
41.Kg3 Kg7
42.Ra1a7 Kf8
43.Ra7a8 Kg7
44.Ra8xh8 Kxh8
45.Nd6f5 Ne7xf5
46.exf5 Kg7
47.c7 Kf7
48.c8Q Ke7
49.Qc8e6 Kd8
50.d6 { resign }
1-0

[Event "Tourn. n7935"]
[Site "www.chess-mail.com"]
[Date "2014.12.28"]
[Round "1"]
[White "Cardiff"]
[Black "Luban"]
[WhiteElo "2150"]
[BlackElo "2190"]
[Result "1-0"]
[Round "1"]
1.d4 d5
2.Nb1c3 e6
3.e4 dxe4
4.Nc3xe4 Ng8f6
5.Bc1g5 Bf8e7
6.Bg5xf6 Be7xf6
7.Ng1f3 c6
8.c3 b6
9.Bf1d3 Bc8b7
10.Qd1e2 O-O
11.O-O a5
12.Ra1d1 Nb8a6
13.Ne4xf6 Qd8xf6
14.Nf3e5 Rf8d8
15.f4 c5
16.Bd3e4 Bb7xe4
17.Qe2xe4 c4
18.Ne5xc4 Ra8b8
19.f5 Na6c7
20.fxe6 Qf6xe6
21.Qe4xe6 Nc7xe6
22.Nc4e5 Rb8c8
23.Rf1xf7 Rd8d5
24.Rf7b7 b5
25.Rd1f1 { resign }
1-0

[Event "Tourn. n7935"]
[Site "www.chess-mail.com"]
[Date "2014.12.28"]
[Round "1"]
[White "Tenzinnima"]
[Black "Luban"]
[WhiteElo "2050"]
[BlackElo "2190"]
[Result "1-0"]
[Round "1"]
1.c4 e6
2.Nb1c3 Ng8f6
3.g3 c6
4.Bf1g2 d5
5.cxd5 cxd5
6.Ng1f3 Bf8e7
7.O-O O-O
8.d4 a6
9.Qd1c2 b5
10.Bc1g5 Bc8b7
11.Ra1c1 Nb8c6
12.a3 Ra8c8
13.Qc2d3 Qd8b6
14.e3 h6
15.Bg5f4 b4
16.Nc3a4 Qb6a7
17.Na4c5 Be7xc5
18.Rc1xc5 Nf6e4
19.Rc5c2 a5
20.Rf1c1 Bb7a6
21.Qd3d1 Ba6c4
22.Nf3d2 Ne4xd2
23.Qd1xd2 b3
24.Rc2c3 a4
25.Bf4d6 Rf8e8
26.Bd6c5 Qa7b7
27.e4 Nc6a7
28.e5 Qb7d7
29.g4 Na7b5
30.Rc3g3 Qd7d8
31.Kh1 f6
32.f4 fxe5
33.fxe5 Nb5c7
34.g5 hxg5
35.Rg3xg5 Bc4d3
36.Rc1g1 Bd3f5
37.Bg2f3 g6
38.Qd2g2 Qd8d7
39.Rg5xg6 Bf5xg6
40.Qg2xg6 Kh8
41.Qg6h6 { resign }
1-0

[Event "Tourn. n7738"]
[Site "www.chess-mail.com"]
[Date "2014.12.28"]
[Round "1"]
[White "Georgepapi"]
[Black "Drdoom"]
[WhiteElo "1529"]
[BlackElo "1690"]
[Result "1-0"]
[Round "1"]
1.e4 e5
2.Ng1f3 d6
3.d4 Nb8c6
4.dxe5 dxe5
5.Qd1xd8 Kxd8
6.Bf1b5 Bc8d7
7.Nb1c3 f6
8.Bc1e3 Bf8d6
9.O-O-O Ng8e7
10.Rh1e1 a6
11.Bb5a4 h6
12.Kb1 Ke8
13.Nf3d2 g5
14.Nd2c4 b5
15.Nc4xd6 cxd6
16.Ba4b3 Ne7c8
17.Nc3d5 Ra8b8
18.Nd5xf6 Ke7
19.Nf6xd7 Kxd7
20.f3 Nc8b6
21.Be3xb6 Rb8xb6
22.Rd1d5 Nc6d4
23.Re1d1 Rh8e8
24.c3 Nd4xb3
25.axb3 Rb6c6
26.Ka2 Re8e6
27.Ka3 Kc7
28.Kb4 Kb6
29.c4 a5
30.Kc3 b4
31.Kc2 h5
32.Rd5b5 Ka6
33.Rd1a1 Rc6c5
34.Ra1xa5 { resign }
1-0

[Event "Tourn. n7912"]
[Site "www.chess-mail.com"]
[Date "2014.12.28"]
[Round "1"]
[White "Badplayer"]
[Black "Norlavuaram"]
[WhiteElo "2150"]
[BlackElo "2150"]
[Result "1-0"]
[Round "1"]
1.e4 e5
2.Ng1f3 Nb8c6
3.Bf1b5 a6
4.Bb5a4 Ng8f6
5.Nb1c3 b5
6.Ba4b3 d6
7.a3 Bf8e7
8.h3 O-O
9.O-O Nc6b8
10.d4 Nb8d7
11.Bc1g5 h6
12.Bg5h4 c5
13.dxe5 dxe5
14.Bh4g3 Qd8c7
15.Rf1e1 c4
16.Bb3a2 Bc8b7
17.Qd1e2 Be7d6
18.Ra1c1 Ra8d8
19.Nf3d2 Nd7c5
20.b3 cxb3
21.cxb3 Qc7b8
22.b4 Nc5d7
23.Re1d1 Nd7b6
24.Nc3d5 Nb6xd5
25.exd5 Nf6xd5
26.Nd2e4 Bd6c7
27.Ne4c5 Nd5f4
28.Bg3xf4 exf4
29.Nc5d7 Rd8xd7
30.Rd1xd7 f3
31.gxf3 Bc7h2
32.Kg2 Bh2f4
33.Rc1c5 Bb7c8
34.Rd7xf7 { resign }
1-0

[Event "Tourn. n7834"]
[Site "www.chess-mail.com"]
[Date "2014.12.28"]
[Round "1"]
[White "Fabos12"]
[Black "Anja"]
[WhiteElo "1640"]
[BlackElo "1790"]
[Result "1-0"]
[Round "1"]
1.d4 Ng8f6
2.c4 c5
3.d5 b5
4.Qd1c2 Bc8b7
5.e4 d6
6.Nb1c3 b4
7.Qc2a4 Qd8d7
8.Nc3b5 Nb8a6
9.Qa4c2 g6
10.Bc1g5 Bf8g7
11.Ng1f3 O-O
12.O-O-O Na6c7
13.Nb5xc7 Qd7xc7
14.Bf1d3 Bb7c8
15.h3 h6
16.Bg5f4 Nf6h5
17.Bf4h2 a5
18.g4 Nh5f6
19.e5 Nf6h7
20.e6 fxe6
21.Bd3xg6 Rf8xf3
22.Bg6xh7 Kh8
23.Qc2e2 Rf3f6
24.Bh7c2 Bc8b7
25.g5 hxg5
26.Rh1g1 Bg7h6
27.Qe2h5 exd5
28.cxd5 Ra8g8
29.f4 { resign }
1-0

[Event "Tourn. n7870"]
[Site "www.chess-mail.com"]
[Date "2014.12.28"]
[Round "1"]
[White "Roqueur"]
[Black "Rons"]
[WhiteElo "2540"]
[BlackElo "2550"]
[Result "1-0"]
[Round "1"]
1.e4 c5
2.Ng1f3 d6
3.d4 cxd4
4.Nf3xd4 Ng8f6
5.Nb1c3 a6
6.Bc1g5 e6
7.f4 Qd8b6
8.Qd1d2 Qb6xb2
9.Ra1b1 Qb2a3
10.f5 Nb8c6
11.fxe6 fxe6
12.Nd4xc6 bxc6
13.e5 dxe5
14.Bg5xf6 gxf6
15.Nc3e4 Bf8e7
16.Bf1e2 h5
17.Rb1b3 Qa3a4
18.Ne4xf6 Be7xf6
19.c4 Ra8a7
20.O-O Ra7d7
21.Qd2e3 Qa4xa2
22.Rf1xf6 Qa2a1
23.Be2f1 Qa1d4
24.Rf6xe6 Rd7e7
25.Re6xc6 O-O
26.h3 a5
27.c5 h4
28.Qe3xd4 exd4
29.Bf1c4 Kg7
30.Rb3b6 Bc8f5
31.Rc6d6 Re7c7
32.Rb6a6 Rf8c8
33.Ra6xa5 d3
34.Bc4xd3 Bf5xd3
35.Rd6xd3 Rc7xc5
36.Ra5a7 Kf6
37.Rd3d6 Kg5
38.Ra7g7 Kf5
39.Rg7h7 Kg5
40.Rd6d4 Rc5c1
41.Kh2 Rc1c2
42.Rd4g4 Kf6
43.Rh7xh4 Rc2b2
44.Rh4h6 Kf5
45.Rh6h5 Kf6
46.h4 Rc8c7
47.Rh5a5 Rc7h7
48.h5 Rh7h6
49.Kg3 Kf7
50.Ra5a7 { resign }
1-0

[Event "Tourn. n7889"]
[Site "www.chess-mail.com"]
[Date "2014.12.28"]
[Round "1"]
[White "Jaroslavpech"]
[Black "Sontuozio"]
[WhiteElo "2540"]
[BlackElo "2280"]
[Result "0-1"]
[Round "1"]
1.e4 e6
2.d4 d5
3.Nb1c3 dxe4
4.Nc3xe4 Nb8d7
5.Bf1d3 Ng8f6
6.Ng1f3 Nf6xe4
7.Bd3xe4 Nd7f6
8.Be4d3 Bf8d6
 { time }
0-1

[Event "Tourn. n7771"]
[Site "www.chess-mail.com"]
[Date "2014.12.28"]
[Round "1"]
[White "Anja"]
[Black "Robwally"]
[WhiteElo "1500"]
[BlackElo "1389"]
[Result "1-0"]
[Round "1"]
1.e4 e5
2.Ng1f3 Nb8c6
3.d4 exd4
4.Nf3xd4 Ng8f6
5.Nd4xc6 bxc6
6.e5 Qd8e7
7.Qd1e2 d6
8.exf6 Qe7xe2
9.Bf1xe2 gxf6
10.Nb1c3 Bc8f5
11.Be2d3 Bf5xd3
12.cxd3 O-O-O
13.O-O Rd8e8
14.Bc1e3 c5
15.Nc3d5 Bf8g7
16.Rf1c1 f5
17.d4 c6
18.Nd5f4 Bg7f8
19.dxc5 d5
20.b4 Bf8g7
21.Ra1b1 Bg7e5
22.Nf4d3 f4
23.Be3xf4 Be5d4
24.Rc1e1 Re8d8
25.Bf4d6 h5
26.Nd3e5 f6
27.Ne5f7 Bd4c3
28.Re1e7 Rd8d7
29.b5 cxb5
30.Rb1xb5 Rd7xe7
31.Bd6xe7  { time }
1-0

[Event "Tourn. n7764"]
[Site "www.chess-mail.com"]
[Date "2014.12.28"]
[Round "1"]
[White "Liencam2"]
[Black "Sontuozio"]
[WhiteElo "2260"]
[BlackElo "2080"]
[Result "1-0"]
[Round "1"]
1.e4 e6
2.Qd1e2 d5
3.exd5 Qd8xd5
4.Nb1c3 Qd5d6
5.Ng1f3 Ng8f6
6.d4 a6
7.g3 Bf8e7
8.Bf1g2 O-O
9.O-O Nb8c6
10.Rf1d1 Qd6b4
11.a3 Qb4d6
12.Bc1f4 Qd6d8
13.Rd1d2 Nf6d5
14.Nc3xd5 exd5
15.Ra1e1 Bc8e6
16.Qe2e3 Nc6a5
17.Qe3c3 Na5c4
18.Rd2e2 Rf8e8
19.Nf3d2 b5
20.b4 c6
21.Nd2xc4 bxc4
22.Qc3d2 Be7d6
23.Bf4xd6 Qd8xd6
24.Bg2h3 Ra8a7
25.Bh3xe6 fxe6
26.Re2e5 Ra7f7
27.Qd2e2 Rf7f6
28.f4 g6
29.Qe2g4 Kf7
30.Qg4g5 Qd6f8
31.Qg5g4 Rf6f5
32.Qg4e2 Qf8e7
33.Kg2 Kf6
34.Qe2e3 Rf5xe5
35.dxe5 Kg7
36.Qe3b6 Re8a8
37.Qb6xc6 Qe7e8
38.Qc6xe8 Ra8xe8
39.Kf3 h5
40.h4 Re8b8
41.Ke3 Kf7
42.Kd4 Rb8c8
43.a4 Ke7
44.Re1b1 Kd7
45.b5 axb5
46.axb5 Rc8b8
47.Kc5 Rb8b7
48.b6 Rb7b8
49.Rb1a1 Rb8b7
50.Ra1a7 Kc8
51.Kc6 { resign }
1-0

[Event "Tourn. n7922"]
[Site "www.chess-mail.com"]
[Date "2014.12.28"]
[Round "1"]
[White "Averoes"]
[Black "Hali"]
[WhiteElo "2170"]
[BlackElo "2190"]
[Result "0-1"]
[Round "1"]
1.d4 d5
2.c4 e6
3.Ng1f3 c6
4.Nb1c3 Ng8f6
5.e3 Nb8d7
6.Bf1d3 dxc4
7.Bd3xc4 b5
8.Bc4d3 a6
9.e4 c5
10.O-O cxd4
11.Nf3xd4 Bc8b7
12.Bc1e3 Nd7e5
13.Bd3c2 Bf8b4
14.f3 O-O
15.Nc3e2 Ne5c4
16.Be3c1 Qd8b6
17.Kh1 Ra8d8
18.b3 Nc4a3
19.Bc1b2 e5
20.Qd1c1 exd4
21.Bb2xa3 Bb4xa3
22.Qc1xa3 d3
{ resign }
0-1

[Event "Tourn. n7957"]
[Site "www.chess-mail.com"]
[Date "2014.12.28"]
[Round "1"]
[White "Bigoak"]
[Black "Bojan"]
[WhiteElo "1980"]
[BlackElo "1920"]
[Result "0-1"]
[Round "1"]
1.e4 g6
2.d4 Bf8g7
3.Bc1e3 d6
4.c4 Ng8f6
5.Nb1c3 Nb8d7
6.Qd1d2 Nf6g4
7.Be3g5 h6
8.Bg5h4 g5
9.Bh4g3 Ng4f6
10.Bf1e2 c6
11.O-O-O a6
12.f4 b5
13.Ng1f3 g4
14.Nf3h4 h5
15.e5 Nf6g8
16.Qd2d3 bxc4
17.Qd3xc4 d5
18.Qc4xc6 Ra8b8
19.Qc6xd5 Qd8b6
20.Rd1d2 Nd7f8
21.f5 Bg7h6
22.Rh1d1 Qb6xb2
{ resign }
0-1